000
00333cam a2200145ua 4500
041
_a
eng
_h
082
_a
823.301
_b
BAL/ST
100
_a
Balakrishnan, T.K .
245
0
0
_a
Stories of young and old
260
_a
Cochin :
_b
Paico Publishing House ,
_c
1968.
300
_a
107 ; .
504
_a
942
_c
BK
999
_c
2731
_d
2731